Language Quiz

Random Language or Spanish Quiz

Spanish Vocabulary II Quiz Stats

 Plays Quiz not verified by Sporcle

Challenge
Share
Tweet
Embed
Score 0/26 Timer 05:00
0 Plays Today
English Spanish % Correct
The beachla playa
87.2%
The mountainslas montañas
77.4%
The skyel cielo
74.4%
The lakeel lago
73.7%
The riverel río
72.2%
The islandla isla
70.7%
The coastla costa
63.9%
The tornadoel tornado
51.9%
The desertel desierto
49.6%
The cloudslas nubes
45.1%
The forestel bosque
42.9%
The oceanel océano
42.1%
The sandla arena
40.6%
English Spanish % Correct
The valleyel valle
37.6%
The peninsulala península
33.8%
The gulfel golfo
32.3%
The junglela selva
31.6%
The stormla tormenta
22.6%
The hillslas colinas
21.1%
The hurricaneel huracán
20.3%
The bayla bahía
18.8%
The canyonel cañón
18%
The lightningel relámpago
14.3%
The plainel llano
9.8%
The reefel arrecife
5.3%
The seasidela orilla del mar
4.5%

You're not logged in!

Compare scores with friends on all Sporcle quizzes.
OR
Log In

You Might Also Like...

Show Comments

Extras

Top Quizzes Today


Score Distribution

Your Account Isn't Verified!

In order to create a playlist on Sporcle, you need to verify the email address you used during registration. Go to your Sporcle Settings to finish the process.

Report this User

Report this user for behavior that violates our Community Guidelines.

Details: